| 000 | 00797nam a2200253 a 4500 | ||
|---|---|---|---|
| 001 | BRCA_5478 | ||
| 005 | 20190320205110.0 | ||
| 008 | 240910s1951----sp-a######---#000-0#spa-# | ||
| 041 | _aspa | ||
| 044 | _asp | ||
| 050 | 4 |
_aN3430 _b.P35 _c1951 |
|
| 100 | 1 |
_aPantorba, Bernardino de _911923 |
|
| 245 | 1 | 0 |
_aMuseos de pintura en Madrid _bestudio histórico y crítico _cBernardino de Pantorba. |
| 260 |
_aMadrid _bMayfe _c1951 |
||
| 300 |
_a181 p. _bil. (algunas a color), 256 láminas _c24 cm. |
||
| 500 | _aIncluye láminas en huecograbado y fotograbados en hueco | ||
| 500 | _aF1 | ||
| 650 | 1 | 4 |
_aPinturas _zMadrid _914004 |
| 650 | 1 | 4 |
_aGalerías y museos _zEspaña _97331 |
| 650 | 1 | 4 |
_aPintura _xHistoria _914005 |
| 651 | 4 |
_aMadrid _xGalerías y museos _914006 |
|
| 902 | _aGFM | ||
| 942 |
_2lcc _cB |
||
| 999 |
_c5172 _d5172 |
||